000 00379pab a2200157 454500
008 180718b2002 xxu||||| |||| 00| 0 eng d
100 _aJha, T.N.
245 _aMicro credit finance models in Bangladesh: lessons for India
260 _c2002
300 _ap.23-30
362 _aFeb
650 _aCredit - Bangladesh
650 _aCredit
773 _aYojana
909 _a51274
999 _c51274
_d51274